Statistiken für UNESCO-Welterbestätten nach Land

Klicken Sie hier um das Quiz zu spielen!

Allgemein

  • Dieses Quiz wurde 1,742 mal gespielt
  • Das Durchschnittsergebnis liegt bei 16 aus 20

Antwortstatistiken

Welterbestätte Land % Korrekt
Kölner DomDeutschland
99%
Pyramiden von GizehÄgypten
99%
Große MauerChina
99%
FreiheitsstatueVereinigte Staaten
98%
Kathedrale Notre-DameFrankreich
98%
Great Barrier ReefAustralien
97%
Taj MahalIndien
97%
AkropolisGriechenland
97%
Kreml und Roter PlatzRussland
95%
Historisches KyotoJapan
92%
Machu PicchuPeru
90%
Dörfer von TransilvanienRumänien
83%
TeotihuacánMexiko
81%
DolomitenItalien
80%
Kilimandscharo-NationalparkTansania
68%
GalapagosinselnEcuador
64%
AngkorKambodscha
61%
PetraJordanien
58%
Stadt PotosíBolivien
31%
Nationalpark TikalGuatemala
30%

Verteilung der Resultate

Perzentil nach korrekt beantworteten Fragen

Anzahl Personen mit jedem Resultat

Ihre Resultats-Entwicklung

Sie haben dieses Quiz noch nicht gespielt